History Quiz

Random History or Islam Quiz

Islamic Culture in the Post Classical Period Quiz Stats

 Plays Quiz not verified by Sporcle

Score 0/24 Timer 10:00
0 Plays Today
Description Answers % Correct
Holy TextKoran
95.9%
Pilgramage to MeccaHajj
86.5%
Last ProphetMuhammad
63.5%
Holy War/Sacred StruggleJihad
50%
Muslim Religious LawSharia
43.2%
Name the Pillar of Islam(1st, 2nd, etc.): No god but Allah1st
40.5%
Name the Pillar of Islam: Fast during Ramadan3rd
39.2%
Name the Pillar of Islam: Charity4th
35.1%
Name the Pillar of Islam: Pray 5x's a day towards Mecca2nd
35.1%
Name the Pillar of Islam: Pilgramage to Mecca5th
35.1%
This Dynasty Moved the Capital of the Arab Empire to BaghdadAbbasids
32.4%
First Arab EmpireUmayyad
31.1%
Description Answers % Correct
Last Prophet's trip to MedinaHijra
29.7%
A Community of MuslimsUmmah
27%
A successor of the Last ProphetCaliph
27%
Their Greatest Contribution to MathmaticsAlgebra
25.7%
Muhammad's Father-In-Law, First SuccessorAbu Bakr
25.7%
Believed Only Desecendents of the Last Prophet Should be CaliphShiites
21.6%
High Level of Citizenship for Non-Muslim, Monothesic Beliefs in the Arab EmpireDhimmi
13.5%
Islamic Intellectual Center in AfricaTimbuktu
12.2%
Language Combining Arabic, African, Chinese, and Indian LanguagesSwahili
10.8%
Arabs Replaced This Civilization as the Center of World TradeIndia
5.4%
Collection of Last Prophet's Teachings and SayingsHaddith
0%
Famous Mosque in Turkey, Taken over by Arabs After Conquering Byzantine EmprieHaga Sophia
0%

You're not logged in!

Compare scores with friends on all Sporcle quizzes.
OR
Log In

Show Comments

Extras

Created Nov 1, 2011ReportNominate
Tags:Islam Quiz, islamic

Top Quizzes Today


Score Distribution

Your Account Isn't Verified!

In order to create a playlist on Sporcle, you need to verify the email address you used during registration. Go to your Sporcle Settings to finish the process.

Report this User

Report this user for behavior that violates our Community Guidelines.

Details: